<?xml version="1.0" encoding="UTF-8"?>
<record
    xmlns:xsi="http://www.w3.org/2001/XMLSchema-instance"
    xsi:schemaLocation="http://www.loc.gov/MARC21/slim http://www.loc.gov/standards/marcxml/schema/MARC21slim.xsd"
    xmlns="http://www.loc.gov/MARC21/slim">

  <leader>00211nam a22000977a 4500</leader>
  <controlfield tag="005">20251114132251.0</controlfield>
  <controlfield tag="008">190510b        xxu||||| |||| 00| 0 spa d</controlfield>
  <datafield tag="041" ind1=" " ind2=" ">
    <subfield code="a">ESP</subfield>
  </datafield>
  <datafield tag="245" ind1=" " ind2=" ">
    <subfield code="a">Calculadora</subfield>
  </datafield>
  <datafield tag="942" ind1=" " ind2=" ">
    <subfield code="c">CALC</subfield>
    <subfield code="2">ddc</subfield>
  </datafield>
  <datafield tag="999" ind1=" " ind2=" ">
    <subfield code="c">11899</subfield>
    <subfield code="d">11899</subfield>
  </datafield>
  <datafield tag="952" ind1=" " ind2=" ">
    <subfield code="o">CALC1</subfield>
    <subfield code="p">CALC1</subfield>
    <subfield code="y">CALC</subfield>
  </datafield>
  <datafield tag="952" ind1=" " ind2=" ">
    <subfield code="o">CALC2</subfield>
    <subfield code="p">CALC2</subfield>
    <subfield code="y">CALC</subfield>
  </datafield>
  <datafield tag="952" ind1=" " ind2=" ">
    <subfield code="o">CALC3</subfield>
    <subfield code="p">CALC3</subfield>
    <subfield code="y">CALC</subfield>
  </datafield>
  <datafield tag="952" ind1=" " ind2=" ">
    <subfield code="o">CALC4</subfield>
    <subfield code="p">CALC4</subfield>
    <subfield code="y">CALC</subfield>
  </datafield>
  <datafield tag="952" ind1=" " ind2=" ">
    <subfield code="o">CALC5</subfield>
    <subfield code="p">CALC5</subfield>
    <subfield code="q">2022-06-27</subfield>
    <subfield code="y">CALC</subfield>
  </datafield>
  <datafield tag="952" ind1=" " ind2=" ">
    <subfield code="o">CALC6</subfield>
    <subfield code="p">CALC6</subfield>
    <subfield code="y">CALC</subfield>
  </datafield>
  <datafield tag="952" ind1=" " ind2=" ">
    <subfield code="o">CALC7</subfield>
    <subfield code="p">CALC7</subfield>
    <subfield code="q">2025-07-22</subfield>
    <subfield code="y">CALC</subfield>
  </datafield>
  <datafield tag="952" ind1=" " ind2=" ">
    <subfield code="o">CALC8</subfield>
    <subfield code="p">CALC8</subfield>
    <subfield code="y">CALC</subfield>
  </datafield>
  <datafield tag="952" ind1=" " ind2=" ">
    <subfield code="o">CALC9</subfield>
    <subfield code="p">CALC9</subfield>
    <subfield code="q">2025-01-29</subfield>
    <subfield code="y">CALC</subfield>
  </datafield>
  <datafield tag="952" ind1=" " ind2=" ">
    <subfield code="o">CALC10</subfield>
    <subfield code="p">CALC10</subfield>
    <subfield code="q">2026-02-26</subfield>
    <subfield code="y">CALC</subfield>
  </datafield>
  <datafield tag="952" ind1=" " ind2=" ">
    <subfield code="o">CALC11</subfield>
    <subfield code="p">CALC11</subfield>
    <subfield code="y">CALC</subfield>
  </datafield>
  <datafield tag="952" ind1=" " ind2=" ">
    <subfield code="o">CALC12</subfield>
    <subfield code="p">CALC12</subfield>
    <subfield code="y">CALC</subfield>
  </datafield>
  <datafield tag="952" ind1=" " ind2=" ">
    <subfield code="o">CALC13</subfield>
    <subfield code="p">CALC13</subfield>
    <subfield code="q">2024-05-30</subfield>
    <subfield code="y">CALC</subfield>
  </datafield>
  <datafield tag="952" ind1=" " ind2=" ">
    <subfield code="o">CALC14</subfield>
    <subfield code="p">CALC14</subfield>
    <subfield code="y">CALC</subfield>
  </datafield>
  <datafield tag="952" ind1=" " ind2=" ">
    <subfield code="o">CALC15</subfield>
    <subfield code="p">CALC15</subfield>
    <subfield code="q">2026-06-03</subfield>
    <subfield code="y">CALC</subfield>
  </datafield>
  <datafield tag="952" ind1=" " ind2=" ">
    <subfield code="o">CALC16</subfield>
    <subfield code="p">CALC16</subfield>
    <subfield code="y">CALC</subfield>
  </datafield>
  <datafield tag="952" ind1=" " ind2=" ">
    <subfield code="o">CALC17</subfield>
    <subfield code="p">CALC17</subfield>
    <subfield code="q">2026-05-28</subfield>
    <subfield code="y">CALC</subfield>
  </datafield>
  <datafield tag="952" ind1=" " ind2=" ">
    <subfield code="o">CALC18</subfield>
    <subfield code="p">CALC18</subfield>
    <subfield code="q">2025-10-08</subfield>
    <subfield code="y">CALC</subfield>
  </datafield>
  <datafield tag="952" ind1=" " ind2=" ">
    <subfield code="o">CALC19</subfield>
    <subfield code="p">CALC19</subfield>
    <subfield code="y">CALC</subfield>
  </datafield>
  <datafield tag="952" ind1=" " ind2=" ">
    <subfield code="o">CALC20</subfield>
    <subfield code="p">CALC20</subfield>
    <subfield code="q">2026-05-22</subfield>
    <subfield code="y">CALC</subfield>
  </datafield>
  <datafield tag="952" ind1=" " ind2=" ">
    <subfield code="o">CALC21</subfield>
    <subfield code="p">CALC21</subfield>
    <subfield code="y">CALC</subfield>
  </datafield>
  <datafield tag="952" ind1=" " ind2=" ">
    <subfield code="o">CALC22</subfield>
    <subfield code="p">CALC22</subfield>
    <subfield code="y">CALC</subfield>
  </datafield>
  <datafield tag="952" ind1=" " ind2=" ">
    <subfield code="o">CALC23</subfield>
    <subfield code="p">CALC23</subfield>
    <subfield code="q">2026-06-04</subfield>
    <subfield code="y">CALC</subfield>
  </datafield>
  <datafield tag="952" ind1=" " ind2=" ">
    <subfield code="o">CALC24</subfield>
    <subfield code="p">CALC24</subfield>
    <subfield code="y">CALC</subfield>
  </datafield>
  <datafield tag="952" ind1=" " ind2=" ">
    <subfield code="o">CALC25</subfield>
    <subfield code="p">CALC25</subfield>
    <subfield code="y">CALC</subfield>
  </datafield>
  <datafield tag="952" ind1=" " ind2=" ">
    <subfield code="o">CALC26</subfield>
    <subfield code="p">CALC26</subfield>
    <subfield code="q">2026-06-05</subfield>
    <subfield code="y">CALC</subfield>
  </datafield>
  <datafield tag="952" ind1=" " ind2=" ">
    <subfield code="o">CALC27</subfield>
    <subfield code="p">CALC27</subfield>
    <subfield code="y">CALC</subfield>
  </datafield>
  <datafield tag="952" ind1=" " ind2=" ">
    <subfield code="o">CALC28</subfield>
    <subfield code="p">CALC28</subfield>
    <subfield code="y">CALC</subfield>
  </datafield>
  <datafield tag="952" ind1=" " ind2=" ">
    <subfield code="o">CALC29</subfield>
    <subfield code="p">CALC29</subfield>
    <subfield code="y">CALC</subfield>
  </datafield>
  <datafield tag="952" ind1=" " ind2=" ">
    <subfield code="o">CALC30</subfield>
    <subfield code="p">CALC30</subfield>
    <subfield code="y">CALC</subfield>
  </datafield>
</record>
